000
00284nam a22001337a 4500
008
181031b xxu||||| |||| 00| 0 eng d
020
_a
9780314798855
041
_a
eng
080
_a
531
100
_a
44
101
_a
FIZ
245
_a
Inquiry Physics
_c
Vern.jO
942
_2
udc
_c
BK
999
_c
51300
_d
51300